00648nam a2200241 a 4500001001300000003000900013005001700022008004100039020001000080082001500090100001200105245004400117260004000161300000900201500003500210505001000245650001600255700001200271902000800283942000700291952009500298999001300393nice12345678IN_TiNIC20260116011313.0050524s0000 lona grp 000 0 per  ac10000a297.4bKEN aKent, C aStories from the Bustan of Shaykh Saadi aLondonbChapman and Hall Ltd.c0000 a159p aincludes index and biblioraphy2 aIllus aSufism-Sadi1 aKent, C bSRS cBK 00104070aHMIbHMId2007-09-13g100.00l0o297.4 KENp00773r2026-01-16w2026-01-16yBK c333d333